[Event "GER Pfingstopen U12"]
[Site "Playchess.com INT"]
[Date "2020.06.02"]
[Round "5"]
[White "Staller, Leonard"]
[Black "Rettich, Roman"]
[Result "0-1"]
[WhiteElo "1620"]
[BlackElo "1620"]
[PlyCount "56"]
[EventDate "2020.06.02"]
[EventType "swiss (blitz)"]
[EventRounds "11"]
[EventCountry "GER"]
[SourceTitle "CBM 197 Extra"]
[Source "ChessBase"]
[SourceDate "2020.09.30"]
[SourceVersion "1"]
[SourceVersionDate "2020.09.30"]
[SourceQuality "1"]

1. e4 e5 2. Nf3 Nc6 3. Bc4 Nf6 4. Ng5 d5 5. exd5 Nd7 6. dxc6 Qxg5 7. Qf3 bxc6 8. Qxf7+ Kd8 9. Ke2 Qg4+ 10. f3 Qxg2+ 11. Kd3 Qxh1 12. Nc3 Nc5+ 13. Ke3 Qg1+ 14. Ke2 Qxh2+ 15. Ke3 e4 16. fxe4 Qh3+ 17. Kd4 Ne6+ 18. Bxe6 Bxe6 19. Qf6+ Be7 20. Qf7 Bxf7 21. d3 Qd7+ 22. Ke3 c5 23. Nd1 Rb8 24. Bd2 Rxb2 25. Nf2 Rxc2 26. Ke2 c4 27. dxc4 Qxd2+ 28. Kf1 Qxf2# 0-1